ნორმალური ფორმატი
MARC ფორმატი
ჩანაწერი Personal Name
ჩანაწერთა რაოდენობა, რომელიც გამოყენებულია: 1
001 - CONTROL NUMBER
- control field: 15551
003 - CONTROL NUMBER IDENTIFIER
- control field: GE_BSU
005 - DATE AND TIME OF LATEST TRANSACTION
- control field: 20221026115026.0
008 - FIXED-LENGTH DATA ELEMENTS
- fixed length control field: 221026|| aca||aabn | a|a d
040 ## - CATALOGING SOURCE
- Original cataloging agency: GE_BSU
- Transcribing agency: GE_BSU
100 ## - HEADING--PERSONAL NAME
- Personal name:
- Numeration: ლასურიასი, მ.
- Relator term: მთარგმნელი
670 ## - SOURCE DATA FOUND
- Source citation: Work cat.: (GE_BSU)55247: რუსთაველი, შოთა / Руставели, Шота 15550, Витязь в тигровой шкуре (на абхаз. языке)=ვეფხისტყაოსანი (აბხაზურ ენაზე)
